Southville International School and Colleges
Your cart is empty.
  • Cart
  • Lists
    Public lists Eva Luna New books Lux_list list_1
    Your lists Log in to create your own lists
  • Log in to your account
  • Your cookies
  • Search history
Southville International School and Colleges
  • Advanced search
  • Recent comments
  • Most popular
  • Libraries

Log in to your account

Log in with GOOGLE


If you do not have an external account, but do have a local account, you can still log in:

  1. Home
  2. MARC view: Pasko! :
Normal view MARC view ISBD view

Pasko! : (Record no. 1746)

[ view plain ]
MARC details
000 -LEADER
fixed length control field 00875nam a22002897a 4500
001 - CONTROL NUMBER
control field 4046928
003 - CONTROL NUMBER IDENTIFIER
control field OSt
005 - DATE AND TIME OF LATEST TRANSACTION
control field 20140310181715.0
008 - FIXED-LENGTH DATA ELEMENTS--GENERAL INFORMATION
fixed length control field 990318s1998 ph a 000 0 eng
010 ## - LIBRARY OF CONGRESS CONTROL NUMBER
LC control number 98947720
020 ## - INTERNATIONAL STANDARD BOOK NUMBER
International Standard Book Number 9712706648
040 ## - CATALOGING SOURCE
Original cataloging agency DLC
Transcribing agency DLC
042 ## - AUTHENTICATION CODE
Authentication code lcode
050 00 - LIBRARY OF CONGRESS CALL NUMBER
Classification number GT 4987
Item number .Al366 1998
100 1# - MAIN ENTRY--PERSONAL NAME
Personal name Alejandro, Reynaldo G.
245 10 - TITLE STATEMENT
Title Pasko! :
Remainder of title the Philippine Christmas /
Statement of responsibility, etc Reynaldo Gamboa Alejandro, Marla Yotoko Chorengel.
246 30 - VARYING FORM OF TITLE
Title proper/short title Philippine Christmas
260 ## - PUBLICATION, DISTRIBUTION, ETC. (IMPRINT)
Place of publication, distribution, etc Manila, Philippines :
Name of publisher, distributor, etc Published and exclusively distributed by National Bookstore and Anvil Pub.
Date of publication, distribution, etc 1998.
300 ## - PHYSICAL DESCRIPTION
Extent 208 p. :
Other physical details col. ill. ;
Dimensions 30 cm.
526 ## - STUDY PROGRAM INFORMATION NOTE
Reading level 880L-960L
562 ## - COPY AND VERSION IDENTIFICATION NOTE
Number of copies 1
650 ## - SUBJECT ADDED ENTRY--TOPICAL TERM
Topical term or geographic name as entry element Christmas
General subdivision Philippines
906 ## - LOCAL DATA ELEMENT F, LDF (RLIN)
a 7
b cbc
c origode
d 4
e ncip
f 19
g y-gencatlg
942 ## - ADDED ENTRY ELEMENTS (KOHA)
Source of classification or shelving scheme Library of Congress Classification
Koha item type Books
Call number prefix Filipininana
Holdings
Withdrawn status Lost status Source of classification or shelving scheme Damaged status Home library Current library Shelving location Date acquired Total Checkouts Full call number Barcode Date last seen Copy number Price effective from Koha item type
    Library of Congress Classification   Luxembourg Library Luxembourg Library Filipiniana Section 12/14/2012   GT 4987 .Al366 1998 8855 08/13/2013 1 12/14/2012 Books

Pasko! :

APA

Alejandro R. G., . (1998). Pasko!. Manila, Philippines: Published and exclusively distributed by National Bookstore and Anvil Pub.

Chicago

Alejandro Reynaldo G, . 1998. Pasko!. Manila, Philippines: Published and exclusively distributed by National Bookstore and Anvil Pub.

Harvard

Alejandro R. G., . (1998). Pasko!. Manila, Philippines: Published and exclusively distributed by National Bookstore and Anvil Pub.

MLA

Alejandro Reynaldo G, . Pasko!. Manila, Philippines: Published and exclusively distributed by National Bookstore and Anvil Pub. 1998.

  • Place hold
  • Print
  • Cite
  • Add to your cart (remove)
  • Save record
    BIBTEX Dublin Core MARCXML MARC (non-Unicode/MARC-8) MARC (Unicode/UTF-8) MARC (Unicode/UTF-8, Standard) MODS (XML) RIS
  • More searches
    Search for this title in:
    Other Libraries (WorldCat) Other Databases (Google Scholar) Online Stores (Bookfinder.com) Open Library (openlibrary.org)

Exporting to Dublin Core...

SOUTHVILLE LIBRARY

Southville International School and Colleges Library

1281 Tropical Ave. Cor. Luxembourg St., BF Homes International, Las Pinas City

Tel. No. 8256374 / 252358 Loc. 117/146

Powered by Koha